000 00990nam a2200241 i 4500
001 93687
003 ES-MaACL
005 20230906181308.0
007 t|
008 050418s1926 sp ||||1| spa d
100 1 _aLópez Enriquez, Manuel.
_973621
245 1 0 _aExistencia de células de Hortega "Microglia" en la retina y vias ópticas... /
_cManuel López Enriquez.
260 _aMadrid :
_b[s.n.],
_c1926.
300 _a9 p. ;
_c24 cm.
490 1 _aTrabajos del Laboratorio de Histología normal y patológica de la Junta para Ampliación de Estudios ;
_v53
500 _aEs tirada aparte del Boletín de la Real Sociedad Española de Historia Natural. Tom. XXVI. 1926.
650 4 _aRetina-
_xCitología.
_9160232
650 4 _aMicroglia.
_9160233
830 0 _aTrabajos del Laboratorio de Histología normal y patológica de la Junta para Ampliación de Estudios ;
_v53
_9183868
852 _aES-MaACL
_j1710-F-1
852 _aES-MaACL
_j1600-F-20
999 _c93687
_d93687